Представление документа в формате MARC21

ПолеНазваниеЗначение
  Тип записи a
  Библиографический уровень m
001 Контрольный номер BIBLIOCLUB\0000480388
005 Дата корректировки 20260430154808.1
006 m o d
007 Элементы данных для физической характеристики c|||||||||||||
008 Кодируемые данные s2017 rus o rus d
041 Код языка издания 0_
a Код языка текста rus
084 Индекс другой классификации/Индекс ББК __
a Индекс другой классификации/Индекс ББК 22.185я73
b Номер единицы LBC/PL
2 Источник индекса rubbk
100 Автор 1_
a Автор Агапов Д. С.
245 Заглавие 10
a Заглавие Решение задач оптимизации в различных вычислительных средах
b Продолж. заглавия учебное пособие
c Ответственность Д. С. Агапов, И. В. Белинская
c Ответственность Министерство сельского хозяйства Российской Федерации
c Ответственность Санкт-Петербургский государственный аграрный университет (СПбГАУ)
c Ответственность Кафедра «Автомобили, тракторы и технический сервис»
260 Выходные данные __
a Место издания Санкт-Петербург
b Издательство Санкт-Петербургский государственный аграрный университет (СПбГАУ)
c Дата издания 2017
300 Физическое описание __
a Объем 74 с.
b Иллюстрации/ тип воспроизводства схем.
653 Ключевые слова 1_
a Ключевые слова Учебник для высшей школы
700 Другие авторы _1
a Другие авторы Белинская И. В.
856 Электронный адрес документа 40
3 Область применения данных поля Университетская библиотека ONLINE
u URL https://biblioclub.ru/index.php?page=book&id=480388
900 Электронные ресурсы __
a Имя электронного ресурса https://img.biblioclub.ru/sm_cover/6eda4fd45305b0c7e3235b4a0dc32939oinsan8nav/cover.jpg